000
00323nam a2200157Ia 4500
100
_a
Griffiths/Dawn/ David/G
650
_a
Android
942
_c
BK
366
_f
20
245
_a
Head first android development
260
_b
Shroff
_c
2016
082
_a
5.133
_b
GRI
300
_a
698
546
_a
ENGLISH
999
_c
29745
_d
29745